000 00471nam a2200181Ia 4500
008 090123s9999 xx 000 0 und d
082 _b7873
_a923.254/कवि
100 _aकवी घ.वा.
245 _aनासेर
250 _a1
260 _bपरिमल प्रकाशन
300 _a110
600 _aकवी घ.वा.
630 _aनासेर
700 _aकवी घ.वा.
730 _aनासेर
942 _cBOOK
999 _c45939
_d45939